[Event "39th TCh-GRE"]
[Site "Eretria GRE"]
[Date "2011.07.08"]
[Round "7.2"]
[White "Serefidou, Despina"]
[Black "Drakaki, Anna-Maria"]
[Result "0-1"]
[WhiteElo "1705"]
[BlackElo "1742"]
[WhiteTeam "CC Kavala"]
[BlackTeam "E.O.A.O. Fysiolatris Nikaia"]
[WhiteFideId "4218787"]
[BlackFideId "4225210"]
[EventDate "2011.07.03"]

1. e4 c6 2. d4 d5 3. Nc3 dxe4 4. Nxe4 Bf5 5. Ng3 Bg6 6. h4 h6 7. Nf3 Nd7 8. h5
Bh7 9. Bd3 Bxd3 10. Qxd3 Ngf6 11. Bf4 Qa5+ 12. Bd2 Qc7 13. O-O-O e6 14. Ne4
O-O-O 15. g3 Nxe4 16. Qxe4 Nf6 17. Qe2 Rd5 18. Bf4 Qa5 19. c4 Rxh5 20. Ne5 Rxh1
21. Rxh1 Rh7 22. Nxf7 Qf5 23. Qe5 Qxe5 24. Nxe5 g5 25. Bd2 Ne4 26. Re1 Nxd2 27.
Kxd2 Bb4+ 28. Kd1 Bxe1 29. Kxe1 Kc7 30. Ke2 Kd6 31. Ke3 c5 32. f4 gxf4+ 33. gxf4
h5 34. dxc5+ Kxc5 35. Kf3 h4 36. Kg2 Kd4 37. Nf3+ Kxc4 38. Kh3 Kd3 39. Nxh4 Ke4
40. Kg4 Rxh4+ 0-1

[Event "39th TCh-GRE"]
[Site "Eretria GRE"]
[Date "2011.07.08"]
[Round "7.2"]
[White "Kaforos, Dimitrios-Alkis"]
[Black "Pavlidis, Antonios"]
[Result "1/2-1/2"]
[BlackTitle "IM"]
[WhiteElo "2193"]
[BlackElo "2420"]
[WhiteTeam "E.O.A.O. Fysiolatris Nikaia"]
[BlackTeam "CC Kavala"]
[WhiteFideId "4214358"]
[BlackFideId "4212312"]
[EventDate "2011.07.03"]

1. e4 e5 2. Nf3 Nc6 3. Bb5 a6 4. Ba4 Nf6 5. O-O Be7 6. Re1 b5 7. Bb3 O-O 8. c3
d5 9. exd5 Nxd5 10. Nxe5 Nxe5 11. Rxe5 c6 12. d4 Bd6 13. Re1 Qh4 14. g3 Qh3 15.
Be3 Bg4 16. Qd3 Rae8 17. Nd2 Qh5 18. a4 Re6 19. axb5 axb5 20. Bxd5 Qxd5 21. b3
Rfe8 22. c4 bxc4 23. bxc4 Qh5 24. d5 cxd5 25. Qxd5 Bb4 26. Qxh5 Bxh5 27. Rab1
Bc3 28. c5 f6 29. Kf1 Bg6 30. Rb3 Rxe3 31. Rxe3 Bxd2 32. Rxe8+ Bxe8 33. Ke2 1/2-1/2

[Event "39th TCh-GRE"]
[Site "Eretria GRE"]
[Date "2011.07.08"]
[Round "7.2"]
[White "Tsolakidou, Stavroula"]
[Black "Papadopoulos, Asterios"]
[Result "1/2-1/2"]
[WhiteElo "1803"]
[BlackElo "1578"]
[WhiteTeam "CC Kavala"]
[BlackTeam "E.O.A.O. Fysiolatris Nikaia"]
[WhiteFideId "4264312"]
[BlackFideId "4227875"]
[EventDate "2011.07.03"]

1. e4 e5 2. Nf3 Nc6 3. Bb5 a6 4. Ba4 Nf6 5. O-O Nxe4 6. d4 b5 7. Bb3 d5 8. dxe5
Be6 9. c3 Be7 10. Bf4 O-O 11. Nd4 Qd7 12. Bc2 Nc5 13. Bg3 f6 14. Qh5 f5 15. f4
Nxd4 16. cxd4 Ne4 17. Bxe4 dxe4 18. Rd1 Bd5 19. Nc3 c6 20. Qe2 Rfc8 21. Bf2 Qc7
22. Rac1 Qa5 23. Qc2 Qd8 24. Be3 Kf7 25. Qe2 g6 26. b3 Qd7 27. Rc2 a5 28. Rdc1
Be6 29. Rd1 Bd5 30. Rdc1 Be6 31. Rd1 Ba3 32. Rcd2 Bd5 33. Qf2 Bb4 34. Rc2 a4 35.
bxa4 Bxc3 36. Rxc3 Rxa4 37. Rd2 b4 38. Rc1 Rca8 39. Ra1 b3 40. Rb2 Rxa2 41. Rab1
Qa7 42. h3 Rxb2 43. Qxb2 Qa2 44. Qc1 1/2-1/2

[Event "39th TCh-GRE"]
[Site "Eretria GRE"]
[Date "2011.07.08"]
[Round "7.3"]
[White "Nikolaidis, Ioannis"]
[Black "Ragger, Markus"]
[Result "1/2-1/2"]
[WhiteTitle "GM"]
[BlackTitle "GM"]
[WhiteElo "2545"]
[BlackElo "2651"]
[WhiteTeam "AO Kydon Chania"]
[BlackTeam "HRC Korydallos"]
[WhiteFideId "4202139"]
[BlackFideId "1610856"]
[EventDate "2011.07.03"]

1. d4 d5 2. c4 e6 3. Nf3 Nf6 4. e3 a6 5. b3 c5 6. Bb2 cxd4 7. exd4 g6 8. Be2 Bg7
9. O-O O-O 10. Ne5 Nc6 11. Nd2 Nd7 12. f4 Qb6 13. c5 Qc7 14. Ndf3 f6 15. Nxd7
Bxd7 16. Qd2 Nd8 17. b4 Ba4 18. Rae1 Re8 19. Bd3 Qd7 20. Rf2 Bb5 21. Bc2 Ba4 22.
Bd3 Bb5 23. Bc2 Ba4 24. Bd3 1/2-1/2

[Event "39th TCh-GRE"]
[Site "Eretria GRE"]
[Date "2011.07.08"]
[Round "7.3"]
[White "Antoniewski, Rafal"]
[Black "Souleidis, Georgios"]
[Result "1-0"]
[WhiteTitle "GM"]
[BlackTitle "IM"]
[WhiteElo "2586"]
[BlackElo "2389"]
[WhiteTeam "HRC Korydallos"]
[BlackTeam "AO Kydon Chania"]
[WhiteFideId "1111078"]
[BlackFideId "4206827"]
[EventDate "2011.07.03"]

1. e4 c5 2. Nc3 Nc6 3. Bb5 Nd4 4. Bc4 g6 5. Nf3 Bg7 6. d3 d6 7. Nxd4 cxd4 8. Ne2
e5 9. O-O Ne7 10. f4 O-O 11. fxe5 dxe5 12. c3 Nc6 13. Qb3 Qe7 14. Bd5 Bg4 15.
Ng3 h5 16. h3 h4 17. hxg4 hxg3 18. g5 Qd7 19. Qd1 Ne7 20. Bb3 Rad8 21. Qf3 dxc3
22. bxc3 Qxd3 23. Ba3 1-0

[Event "39th TCh-GRE"]
[Site "Eretria GRE"]
[Date "2011.07.08"]
[Round "7.3"]
[White "Pavlidis, Anastasios"]
[Black "Tsiamis, Konstantinos"]
[Result "1/2-1/2"]
[WhiteTitle "FM"]
[BlackTitle "FM"]
[WhiteElo "2323"]
[BlackElo "2262"]
[WhiteTeam "AO Kydon Chania"]
[BlackTeam "HRC Korydallos"]
[WhiteFideId "4208404"]
[BlackFideId "4204905"]
[EventDate "2011.07.03"]

1. d4 Nf6 2. c4 g6 3. Nc3 d5 4. cxd5 Nxd5 5. e4 Nxc3 6. bxc3 Bg7 7. Nf3 c5 8.
Rb1 O-O 9. Be2 b6 10. O-O Bb7 11. Qd3 Ba6 12. Qe3 Qd7 13. dxc5 Bxe2 14. Qxe2
bxc5 15. Qc4 Qc6 16. Be3 Nd7 17. h3 Rfc8 18. Rfc1 Nb6 19. Qb5 Na4 20. e5 Nb6 21.
Qxc6 Rxc6 22. c4 Rac8 23. Rb5 Nd7 24. Bf4 Rb6 25. Ra5 Rb7 26. Ra6 Nb8 27. Ra5
Nd7 28. Rd1 h6 29. h4 Kf8 30. Rd3 e6 31. Re3 Nb6 32. Nd2 Rd7 33. Rc3 Rcc7 34.
Rc2 Kg8 35. g3 Rd3 36. Ne4 Nd7 37. Kg2 Bf8 38. Nf6+ Kh8 39. Ne8 Rb7 40. Nf6 Kg7
41. Nxd7 Rdxd7 42. Be3 Rdc7 43. Kf1 Be7 44. Ke2 h5 45. Kd2 Kf8 46. Kc3 Ke8 47.
Rc1 Kd7 48. Rd1+ Kc8 49. Rd3 Rb4 50. Bh6 Kb7 51. Rf3 Kb6 52. Ra3 Bd8 53. Bf8 Rd7
54. Rb3 Rxb3+ 55. axb3 Bc7 56. Bg7 Kc6 57. Rd3 Ba5+ 58. Kc2 Be1 59. Rxd7 Kxd7
60. Bh6 Bxf2 61. Bf4 Kc6 62. Kd3 a6 1/2-1/2

[Event "39th TCh-GRE"]
[Site "Eretria GRE"]
[Date "2011.07.08"]
[Round "7.3"]
[White "Ikonomopoulou, Maria"]
[Black "Pavlidou, Ekaterini"]
[Result "1-0"]
[WhiteTitle "WFM"]
[BlackTitle "WIM"]
[WhiteElo "2102"]
[BlackElo "2220"]
[WhiteTeam "HRC Korydallos"]
[BlackTeam "AO Kydon Chania"]
[WhiteFideId "4209958"]
[BlackFideId "4213262"]
[EventDate "2011.07.03"]

1. e4 c5 2. Nf3 e6 3. b3 Nc6 4. Bb2 Nf6 5. e5 Nd5 6. c4 Nde7 7. g3 d6 8. exd6
Nf5 9. Na3 Bxd6 10. Nc2 O-O 11. Bg2 e5 12. d3 Be6 13. O-O f6 14. a3 a5 15. Nd2
Qd7 16. Re1 Kh8 17. Ne4 Be7 18. Nc3 Ncd4 19. Nxd4 cxd4 20. Nd5 Bd8 21. Qd2 Ne7
22. Nxe7 Bxe7 23. b4 Bh3 24. Bd5 Bd6 25. Rab1 Ra7 26. Bc1 f5 27. Bg2 Bxg2 28.
Kxg2 e4 29. dxe4 f4 30. f3 fxg3 31. Qxd4 Qf7 32. f4 Ra6 33. b5 Bxf4 34. Bxf4
Qxf4 35. Rf1 Raf6 36. Rxf4 Rxf4 37. hxg3 1-0

[Event "39th TCh-GRE"]
[Site "Eretria GRE"]
[Date "2011.07.08"]
[Round "7.3"]
[White "Fragaki, Maria"]
[Black "Selianiti, Eleana"]
[Result "1-0"]
[WhiteElo "1927"]
[BlackElo "1678"]
[WhiteTeam "AO Kydon Chania"]
[BlackTeam "HRC Korydallos"]
[WhiteFideId "4221087"]
[BlackFideId "4235860"]
[EventDate "2011.07.03"]

1. e4 e5 2. Bc4 Nf6 3. d3 Nc6 4. Nf3 Be7 5. O-O d6 6. c3 Na5 7. Bb5+ c6 8. Ba4
b5 9. Bc2 O-O 10. Nbd2 Nb7 11. a4 Nc5 12. axb5 cxb5 13. Re1 Bg4 14. h3 Bh5 15.
Nf1 Ne6 16. Ng3 Bg6 17. Nh4 Bh5 18. Nxh5 Nxh5 19. Nf5 Nhf4 20. Qg4 Bf6 21. Bb3
Ng6 22. Bd5 Rc8 23. Rxa7 Nef4 24. Bxf4 Nxf4 25. Nh6+ Kh8 26. Nxf7+ Rxf7 27. Bxf7
Nxd3 28. Rd1 Rc7 29. Rxc7 Qxc7 30. Rxd3 Qxf7 31. Qc8+ Qg8 32. Qxg8+ Kxg8 33.
Rxd6 b4 34. cxb4 Kf8 35. b5 1-0

[Event "39th TCh-GRE"]
[Site "Eretria GRE"]
[Date "2011.07.08"]
[Round "7.3"]
[White "Pramateftaki, Aspasia"]
[Black "Hnara, Maria-Danai"]
[Result "1/2-1/2"]
[WhiteElo "1360"]
[BlackElo "1645"]
[WhiteTeam "HRC Korydallos"]
[BlackTeam "AO Kydon Chania"]
[WhiteFideId "4219295"]
[BlackFideId "4221419"]
[EventDate "2011.07.03"]

1. e4 d6 2. d4 Nf6 3. Nc3 g6 4. Bg5 Bg7 5. Qd2 c6 6. O-O-O O-O 7. Kb1 b5 8. f3
a5 9. e5 Ne8 10. h4 dxe5 11. dxe5 Qxd2 12. Rxd2 f6 13. exf6 exf6 14. Bf4 Be6 15.
Rd8 f5 16. Rxb8 Rxb8 17. Bxb8 Nf6 18. Be5 b4 19. Na4 Rd8 20. Be2 Nh5 21. Bh2 Kh8
22. Nh3 Rd2 23. Re1 Bd4 24. Kc1 Be3 25. Be5+ Kg8 26. Kb1 f4 27. Ng5 Ng3 28. Nxe6
Nxe2 29. a3 Bf2 30. Rf1 Ng3 31. Rc1 Re2 32. Bd4 Bxd4 33. Nxd4 Rxg2 34. Nxc6 bxa3
35. bxa3 Nf5 36. Nc3 Nxh4 37. Rf1 Nf5 38. Nxa5 Ne3 39. Rc1 Rg3 40. Nd1 Rxf3 41.
Nxe3 Rxe3 42. Rf1 Rxa3 43. Nc4 Ra4 44. Nd2 g5 45. c4 Kf7 46. c5 Ke6 47. Rh1 Kd5
48. Rxh7 Kxc5 49. Rg7 Kd4 50. Rxg5 Ke3 51. Rg2 1/2-1/2

[Event "39th TCh-GRE"]
[Site "Eretria GRE"]
[Date "2011.07.08"]
[Round "7.3"]
[White "Kazakos, Emmanouil"]
[Black "Noutsos, Stamoulis"]
[Result "1-0"]
[WhiteElo "2105"]
[BlackElo "1771"]
[WhiteTeam "AO Kydon Chania"]
[BlackTeam "HRC Korydallos"]
[WhiteFideId "4216555"]
[BlackFideId "4236467"]
[EventDate "2011.07.03"]

1. e4 c6 2. d4 d5 3. Nc3 b5 4. a3 dxe4 5. Nxe4 Nf6 6. Nxf6+ exf6 7. c3 Bd6 8.
Bd3 O-O 9. Ne2 Qc7 10. h3 a6 11. O-O Be6 12. Qc2 h6 13. b3 Nd7 14. c4 Rfd8 15.
Nc3 Nf8 16. Be3 Bd7 17. Ne4 Ne6 18. Nxd6 Qxd6 19. Rfd1 Bc8 20. Be4 Bb7 21. Qe2
Ng5 22. Bc2 Re8 23. h4 Ne6 24. Qg4 Kh8 25. Qh5 Qf8 26. Qf5 Qg8 27. d5 cxd5 28.
cxd5 Nd8 29. Rac1 Re5 30. Qd7 Rc8 31. Bb6 Qe8 32. Qxe8+ Rxe8 33. b4 Ba8 34. Bf5
Rxc1 35. Rxc1 g6 36. Bd7 Re7 37. Rc8 Rxd7 38. Rxa8 1-0

[Event "39th TCh-GRE"]
[Site "Eretria GRE"]
[Date "2011.07.08"]
[Round "7.3"]
[White "Capone, Nicola"]
[Black "Ontabasidis, Aristidis"]
[Result "1-0"]
[WhiteElo "2005"]
[BlackElo "1513"]
[WhiteTeam "HRC Korydallos"]
[BlackTeam "AO Kydon Chania"]
[WhiteFideId "224715"]
[BlackFideId "4248872"]
[EventDate "2011.07.03"]

1. e4 e5 2. Nf3 Nc6 3. Bc4 Bc5 4. c3 Nf6 5. d3 d6 6. O-O a6 7. Bb3 Ba7 8. Re1
O-O 9. Nbd2 Ne7 10. Nf1 Ng6 11. h3 h6 12. Ng3 Re8 13. d4 exd4 14. cxd4 c6 15.
Qd3 Bd7 16. e5 Nd5 17. Nf5 Bxf5 18. Qxf5 dxe5 19. dxe5 Qc8 20. Qc2 Qd7 21. Bd2
Rad8 22. Rad1 Qc8 23. Re2 Bb8 24. Rde1 Re7 25. e6 Nf8 26. exf7+ Rxf7 27. Ne5
Bxe5 28. Rxe5 Qb8 29. Bc3 Kh8 30. Rh5 Qd6 31. Be5 Qb4 32. Re4 Qb6 33. Rxh6+ Kg8
34. Rh5 Qa7 35. Reh4 Rfd7 36. Qf5 1-0

[Event "39th TCh-GRE"]
[Site "Eretria GRE"]
[Date "2011.07.08"]
[Round "7.4"]
[White "Mastrovasilis, Dimitrios"]
[Black "Hammer, Jon Ludvig"]
[Result "1/2-1/2"]
[WhiteTitle "GM"]
[BlackTitle "GM"]
[WhiteElo "2604"]
[BlackElo "2610"]
[WhiteTeam "ES Thessaloniki"]
[BlackTeam "Culture Club Florinas"]
[WhiteFideId "4202694"]
[BlackFideId "1503707"]
[EventDate "2011.07.03"]

1. e4 e5 2. Nf3 Nc6 3. Bb5 Nf6 4. O-O Nxe4 5. Re1 Nd6 6. Nxe5 Be7 7. Bf1 Nf5 8.
c3 Nxe5 9. Rxe5 d6 10. Re1 O-O 11. d4 d5 12. Bf4 Bd6 13. Qf3 Nh4 14. Qg3 Nf5 15.
Qf3 Nh4 16. Qg3 Nf5 17. Qf3 1/2-1/2

[Event "39th TCh-GRE"]
[Site "Eretria GRE"]
[Date "2011.07.08"]
[Round "7.4"]
[White "Mastrovasilis, Athanasios"]
[Black "Sedlak, Nikola"]
[Result "1/2-1/2"]
[WhiteTitle "GM"]
[BlackTitle "GM"]
[WhiteElo "2537"]
[BlackElo "2580"]
[WhiteTeam "Culture Club Florinas"]
[BlackTeam "ES Thessaloniki"]
[WhiteFideId "4201990"]
[BlackFideId "922900"]
[EventDate "2011.07.03"]

1. c4 Nf6 2. Nf3 g6 3. Nc3 d5 4. cxd5 Nxd5 5. e4 Nxc3 6. dxc3 Qxd1+ 7. Kxd1 Nd7
8. Bc4 f6 9. Be3 e5 10. Be6 Nc5 11. Bxc8 Rxc8 12. Nd2 Ne6 13. b4 a6 14. a4 h5
15. h4 Bh6 16. Bxh6 Rxh6 17. Kc2 Rh7 18. Rhd1 Rd7 19. Nc4 Rxd1 20. Rxd1 Rd8 21.
Ra1 b6 22. g3 Rd7 23. Ne3 Kf7 24. f3 c6 25. Nc4 b5 26. axb5 axb5 27. Ne3 Ke7 28.
Ra6 Rc7 29. Ra8 Rd7 30. Ra6 Rc7 31. Kd2 Kd7 32. Ke2 Rc8 33. Ra7+ Rc7 1/2-1/2

[Event "39th TCh-GRE"]
[Site "Eretria GRE"]
[Date "2011.07.08"]
[Round "7.4"]
[White "Genova, Lyubka"]
[Black "Zawadzka, Jolanta"]
[Result "0-1"]
[WhiteTitle "WIM"]
[BlackTitle "WGM"]
[WhiteElo "2270"]
[BlackElo "2405"]
[WhiteTeam "Culture Club Florinas"]
[BlackTeam "ES Thessaloniki"]
[WhiteFideId "2905612"]
[BlackFideId "1122320"]
[EventDate "2011.07.03"]

1. e4 c5 2. Nf3 e6 3. d4 cxd4 4. Nxd4 Nc6 5. Nc3 Qc7 6. g3 a6 7. a4 Nf6 8. Bg2
Nxd4 9. Qxd4 Bc5 10. Qd1 d6 11. O-O Bd7 12. Qe2 h6 13. Kh1 O-O 14. f4 Bc6 15.
Bd2 Rab8 16. Rab1 b5 17. axb5 axb5 18. b4 Bd4 19. Nd1 Qb7 20. Bc3 Bxc3 21. Nxc3
Rfc8 22. Rfd1 d5 23. exd5 Bxd5 24. Nxd5 exd5 25. Ra1 Rc4 26. Qd3 Re8 27. c3 Qc6
28. Ra3 Ne4 29. Bxe4 Rexe4 30. Kg1 d4 31. cxd4 Rexd4 0-1

[Event "39th TCh-GRE"]
[Site "Eretria GRE"]
[Date "2011.07.08"]
[Round "7.4"]
[White "Peskelidou, Emanouela"]
[Black "Papathanasiou, Ageliki"]
[Result "0-1"]
[WhiteElo "1634"]
[BlackElo "1817"]
[WhiteTeam "Culture Club Florinas"]
[BlackTeam "ES Thessaloniki"]
[WhiteFideId "4218701"]
[BlackFideId "4224728"]
[EventDate "2011.07.03"]

1. e4 c5 2. Nc3 Nc6 3. g3 g6 4. Bg2 Bg7 5. d3 Rb8 6. Be3 d6 7. Qd2 b5 8. Nge2 b4
9. Nd1 Nd4 10. Nc1 Nf6 11. c3 bxc3 12. bxc3 Nc6 13. Bh6 O-O 14. h4 Re8 15. h5
Bh8 16. hxg6 fxg6 17. Bg5 Qc7 18. Ne3 Ne5 19. Bxf6 exf6 20. Nd5 Qf7 21. Ne2 f5
22. O-O fxe4 23. Bxe4 Nf3+ 24. Bxf3 Qxf3 25. Nef4 g5 26. Rfe1 Bd7 27. Re3 Rxe3
28. Qxe3 Qxe3 29. fxe3 gxf4 30. exf4 Kf7 31. Rc1 Be6 32. Ne3 Rb2 33. Re1 Bxc3 0-1

[Event "39th TCh-GRE"]
[Site "Eretria GRE"]
[Date "2011.07.08"]
[Round "7.4"]
[White "Ballas, Kleon-Evangelos"]
[Black "Vasiliadis, Anastasios"]
[Result "1/2-1/2"]
[WhiteElo "1937"]
[BlackElo "1891"]
[WhiteTeam "ES Thessaloniki"]
[BlackTeam "Culture Club Florinas"]
[WhiteFideId "4215311"]
[BlackFideId "4251083"]
[EventDate "2011.07.03"]

1. d4 Nf6 2. c4 e6 3. Nf3 Bb4+ 4. Nbd2 O-O 5. a3 Bxd2+ 6. Qxd2 d6 7. e3 Nbd7 8.
Be2 e5 9. d5 a5 10. O-O Nc5 11. Qc2 a4 12. Bd2 Bg4 13. Bb4 Nfd7 14. Rae1 f5 15.
Nd2 Bxe2 16. Rxe2 f4 17. exf4 Rxf4 18. Ne4 Nb3 19. Bc3 Ndc5 20. g3 Rxe4 21. Rxe4
Nxe4 22. Qxe4 Nc5 23. Qe3 b6 24. f4 exf4 25. Rxf4 Qd7 26. Qf3 Qe7 27. Kg2 Re8
28. Rg4 Qe2+ 29. Qxe2 Rxe2+ 30. Kf3 Re7 31. Bd4 Nb3 32. Be3 1/2-1/2

[Event "39th TCh-GRE"]
[Site "Eretria GRE"]
[Date "2011.07.08"]
[Round "7.5"]
[White "Kritz, Leonid"]
[Black "Nielsen, Peter Heine"]
[Result "1/2-1/2"]
[WhiteTitle "GM"]
[BlackTitle "GM"]
[WhiteElo "2615"]
[BlackElo "2681"]
[WhiteTeam "Heraklion CC"]
[BlackTeam "AEK"]
[WhiteFideId "4653530"]
[BlackFideId "1400355"]
[EventDate "2011.07.03"]

1. e4 c6 2. d4 d5 3. e5 Bf5 4. Nd2 e6 5. Nb3 Ne7 6. Nf3 Nc8 7. a4 a5 8. Be2 Bb4+
9. c3 Be7 10. Be3 Nd7 11. O-O O-O 12. Nfd2 f6 13. f4 fxe5 14. dxe5 c5 15. Bb5 b6
16. Nc1 Na7 17. Bd3 Nc6 18. Nf3 Qc7 19. Bxf5 Rxf5 20. Ne2 Raf8 21. h4 R5f7 22.
Qc2 Kh8 23. Rad1 Qc8 24. g3 Qb7 25. Bc1 Kg8 26. Be3 Kh8 27. Bc1 Kg8 28. Be3 1/2-1/2

[Event "39th TCh-GRE"]
[Site "Eretria GRE"]
[Date "2011.07.08"]
[Round "7.5"]
[White "Kalesis, Nikolaos"]
[Black "Postny, Evgeny"]
[Result "0-1"]
[WhiteTitle "IM"]
[BlackTitle "GM"]
[WhiteElo "2480"]
[BlackElo "2618"]
[WhiteTeam "AEK"]
[BlackTeam "Heraklion CC"]
[WhiteFideId "4200438"]
[BlackFideId "2804344"]
[EventDate "2011.07.03"]

1. d4 Nf6 2. c4 e6 3. Nc3 Bb4 4. Qc2 O-O 5. a3 Bxc3+ 6. Qxc3 b6 7. Bg5 c5 8.
dxc5 bxc5 9. e3 d6 10. f3 Nbd7 11. Nh3 a5 12. Be2 Ra6 13. O-O Qc7 14. Bh4 Bb7
15. Nf2 Rb8 16. Nd1 Bc6 17. Qc1 Rab6 18. Be1 Rb3 19. Nc3 Rxb2 20. Nb5 Bxb5 21.
Qxb2 Bxc4 22. Qd2 Bxe2 23. Qxe2 c4 24. e4 Rb3 25. a4 Ne5 26. Bf2 Nd3 27. Rfb1
Qb7 28. Qc2 Nxf2 29. Kxf2 Nd7 30. Rxb3 cxb3 31. Qc3 Qb6+ 32. Ke2 Nc5 33. e5 h6
34. exd6 Qa6+ 35. Ke3 Qxd6 36. Qd4 Qb6 37. Ke2 e5 38. Qxe5 b2 39. Rb1 Qa6+ 0-1

[Event "39th TCh-GRE"]
[Site "Eretria GRE"]
[Date "2011.07.08"]
[Round "7.5"]
[White "Stavrianakis, Ioannis"]
[Black "Moutousis, Konstantinos"]
[Result "1/2-1/2"]
[BlackTitle "IM"]
[WhiteElo "2270"]
[BlackElo "2431"]
[WhiteTeam "Heraklion CC"]
[BlackTeam "AEK"]
[WhiteFideId "4208412"]
[BlackFideId "4200071"]
[EventDate "2011.07.03"]

1. d4 d6 2. Nf3 Bg4 3. e3 Nd7 4. Be2 Ngf6 5. b3 e5 6. O-O e4 7. Nfd2 Bxe2 8.
Qxe2 d5 9. f3 exf3 10. Qxf3 Be7 11. e4 dxe4 12. Nxe4 O-O 13. Bb2 Nxe4 14. Qxe4
c6 15. Nd2 Nf6 16. Qd3 Qc7 17. Rae1 Rae8 18. g3 Qd7 19. Nc4 Qh3 20. Qf3 Ng4 21.
Re2 Bf6 22. Ne5 Nxe5 23. dxe5 Be7 24. Bd4 a6 25. Bb6 Qe6 26. Rd1 Rc8 27. a4 Rfe8
28. c4 Bf8 29. a5 Qh3 30. Re4 Qe6 31. Rdd4 1/2-1/2

[Event "39th TCh-GRE"]
[Site "Eretria GRE"]
[Date "2011.07.08"]
[Round "7.5"]
[White "Cmilyte, Viktorija"]
[Black "Markantonaki, Haritomeni"]
[Result "1/2-1/2"]
[WhiteTitle "GM"]
[BlackTitle "WFM"]
[WhiteElo "2528"]
[BlackElo "2147"]
[WhiteTeam "AEK"]
[BlackTeam "Heraklion CC"]
[WhiteFideId "12801259"]
[BlackFideId "4207050"]
[EventDate "2011.07.03"]

1. d4 Nf6 2. c4 e6 3. Nf3 b6 4. a3 Bb7 5. Nc3 d5 6. Qc2 Be7 7. cxd5 Nxd5 8. e4
Nxc3 9. bxc3 O-O 10. Bd3 c5 11. Bb2 Qc7 12. Qe2 Nd7 13. O-O Rfe8 14. Rad1 Rad8
15. Qe3 h6 16. Nd2 Nf8 17. f4 Ng6 18. Nc4 a6 19. Rf3 b5 20. Ne5 Nxe5 21. fxe5
Bg5 22. Qf2 f5 23. exf6 Bxf6 24. e5 Bxe5 25. dxe5 Bxf3 26. Qxf3 Qxe5 27. Bc1 c4
28. Bg6 Rxd1+ 29. Qxd1 Qc5+ 30. Kh1 Rf8 31. h3 Qe5 32. Bb2 a5 33. Kg1 Qe3+ 34.
Kh1 Qe5 35. Kg1 Qe3+ 36. Kh1 Qe5 37. Kg1 Qe3+ 38. Kh1 Qe5 39. Kg1 b4 1/2-1/2

[Event "39th TCh-GRE"]
[Site "Eretria GRE"]
[Date "2011.07.08"]
[Round "7.5"]
[White "Malikentzou, Nafsika"]
[Black "Pahaki, Hristina-Despoina"]
[Result "1/2-1/2"]
[WhiteElo "1640"]
[BlackElo "1646"]
[WhiteTeam "Heraklion CC"]
[BlackTeam "AEK"]
[WhiteFideId "4222237"]
[BlackFideId "4238621"]
[EventDate "2011.07.03"]

1. Nf3 f5 2. g3 d6 3. d4 Nf6 4. Bg2 g6 5. b3 Bg7 6. Bb2 O-O 7. O-O Nc6 8. c4 Qe8
9. d5 Na5 10. Qc2 c5 11. Nbd2 Rb8 12. e4 fxe4 13. Nxe4 b5 14. Nxf6+ exf6 15.
Rfe1 Qd8 16. cxb5 Rxb5 17. Bf1 Rb8 18. Qe4 Kf7 19. Qf4 Bf5 20. g4 Rb4 21. Bc4
Nxc4 22. Bc3 Ne5 23. Bxb4 Nxg4 24. Bc3 Ne5 25. Re3 Qd7 26. Nh4 Rg8 27. Nxf5 gxf5
28. Rg3 Nd3 29. Qf3 Ne5 30. Qh5+ Kf8 31. f4 Ng6 32. Qf3 Qf7 33. Re1 Nh4 34. Qe3
Bh6 35. Kf2 Ng6 36. Qe6 Nxf4 37. Rxg8+ Kxg8 38. Rg1+ Bg7 39. Qc8+ Qf8 40. Qxf5
Ng6 41. Re1 Ne5 42. Re3 h6 43. Bd2 Qf7 44. Qc8+ Kh7 45. Qf5+ Kg8 46. Qc8+ Kh7 1/2-1/2

[Event "39th TCh-GRE"]
[Site "Eretria GRE"]
[Date "2011.07.08"]
[Round "7.5"]
[White "Dimopoulos, Dimitrios"]
[Black "Kosmas-Lekkas, Dimitiros"]
[Result "1/2-1/2"]
[WhiteElo "1946"]
[BlackElo "2193"]
[WhiteTeam "Heraklion CC"]
[BlackTeam "AEK"]
[WhiteFideId "4213459"]
[BlackFideId "4211936"]
[EventDate "2011.07.03"]

1. Nf3 Nf6 2. g3 g6 3. Bg2 Bg7 4. d4 O-O 5. O-O d6 6. c4 Nbd7 7. Nc3 e5 8. e4
exd4 9. Nxd4 Re8 10. Re1 c6 11. h3 Qb6 12. Nde2 Nc5 13. Be3 Qc7 14. Qc2 a5 15.
Rad1 Nfd7 16. b3 b6 17. Kh2 Bb7 18. Rd2 Rad8 19. Red1 Nf8 20. Bf4 Be5 21. Be3
Bc8 22. Nd4 Bg7 23. Kg1 h6 24. Kh2 Nh7 25. Rf1 Ng5 26. h4 Nge6 27. Rfd1 Nf8 28.
Kg1 Nfd7 29. Bf4 Ne5 30. f3 Be6 31. Kh2 Bc8 32. Kg1 Kh7 33. Kf2 h5 34. Kg1 f6
35. Be3 Kg8 36. Kh2 Qe7 37. Bf4 Bd7 38. Nde2 Bc8 39. Nd4 Bd7 40. Nde2 Bc8 1/2-1/2

[Event "39th TCh-GRE"]
[Site "Eretria GRE"]
[Date "2011.07.08"]
[Round "7.6"]
[White "Naiditsch, Arkadij"]
[Black "Atalik, Suat"]
[Result "1/2-1/2"]
[WhiteTitle "GM"]
[BlackTitle "GM"]
[WhiteElo "2706"]
[BlackElo "2619"]
[WhiteTeam "SK. AK. Chalkidos Palamidis The Evvoefs"]
[BlackTeam "Chess Academy Thes. Galaxias"]
[WhiteFideId "4650891"]
[BlackFideId "14401487"]
[EventDate "2011.07.03"]

1. e4 e5 2. Nf3 Nc6 3. Bb5 a6 4. Ba4 Nf6 5. O-O Be7 6. d3 b5 7. Bb3 d6 8. a4 Bd7
9. c3 h6 10. Nbd2 Na5 11. Bc2 c5 12. d4 cxd4 13. cxd4 Qc7 14. b3 Rc8 15. Bb1
bxa4 16. bxa4 exd4 17. Bb2 O-O 18. Bd3 Nc6 19. Bxa6 Rb8 20. Qc1 Qa7 21. Bb5 Rfc8
22. Qd1 d3 23. Qb1 Qb7 24. Ba3 Ne5 25. Nxe5 Bxb5 26. Qxb5 dxe5 27. Qxb7 Rxb7 28.
Bxe7 Rxe7 29. f3 Rc2 30. Rfd1 Ra7 31. Kf2 Nd7 32. Ke3 Nc5 33. a5 g6 34. g4 h5
35. g5 Rb2 36. Ra3 Kg7 37. Rb1 Rxb1 38. Nxb1 Nb7 39. a6 Nc5 40. Ra5 Nxa6 41. Nd2
Ra8 42. Nc4 Rc8 43. Nd6 Rc6 44. Ne8+ Kf8 45. Nf6 Rd6 46. Kd2 h4 47. Nd5 h3 48.
Ra1 Rc6 49. Rb1 Rc2+ 50. Kxd3 Rxh2 51. Nf6 Rg2 52. Ke3 h2 53. Rh1 Nb4 54. Nd7+
Kg7 55. Nxe5 Nc2+ 56. Kf4 Nd4 57. Ng4 Ne2+ 58. Ke5 Ng1 59. Nxh2 Rxg5+ 60. Kf4
Rh5 61. Rxg1 1/2-1/2